000
00300nam a2200121Ia 4500
005
20251222141850.0
008
251222s9999||||xx |||||||||||||| ||spa||
082
_a
238/E92
100
_a
Estepa Llaurens, José Manuel
245
0
_a
Catecismo de la Iglesia Católica
264
_b
Vaticana
942
_c
LIB
999
_c
7692
_d
7692